000 00894nam a2200265Ia 4500
003 OSt
005 20220918172023.0
006 a|||||r|||| 00| 0
007 ta
008 220917b |||||||| |||| 00| 0 eng d
020 _a9789004352957 (hbk)
_cEURO 99.00
024 _a349,013
037 _b8598, 15/03/2019, Efficient Book Distributors
_cTextual
040 _aARTS
_cARTS
_beng
041 _2eng
_aeng
082 _aS:52, Q8
100 _aSchuler Barbara Ed.
_939813
245 0 _aHistoricizing emotions
_b practices and objects in India, China, and Japan
260 _aLeiden
_bBrill The Netherlands
_c2018
300 _axii,332p.
_ccm.
490 _aEmotions and states of mijnd in East Asia
650 _aEMOTIONS; PSYCHOLOGY
_921879
942 _hS:52, Q8
_cTEXL
_2CC
999 _c142250
_d142250